|
|
|
|
| LEADER |
01062nam a22002417a 4500 |
| 001 |
6966 |
| 003 |
BD-DhAAL |
| 005 |
20240822160120.0 |
| 008 |
151231s1992 bg ||||| |||| 00| 0 eng d |
| 040 |
|
|
|a BD-DhAAL
|c BD-DhAAL
|
| 082 |
|
|
|a 362.1095492
|2 22
|
| 245 |
|
|
|a An evaluation of community health workers of Bangladesh rural advancement committee /
|c Islam M. N.
|
| 264 |
|
|
|a Dhaka :
|b Bangladesh Rural Advancement Committee, BRAC,
|c 1992.
|
| 300 |
|
|
|a 54 pages :
|b illustrations ;
|c 30 cm.
|
| 500 |
|
|
|a A dissertation paper submitted in partial fulfillment for the award of : masters degree in community health in developing countries (September 1992)
|
| 541 |
|
|
|e 6966
|
| 610 |
|
|
|a BRAC
|9 17122
|
| 650 |
|
|
|a Rural health services
|x Management
|z Bangladesh.
|9 17123
|
| 710 |
|
|
|a BRAC
|9 17122
|
| 852 |
|
|
|a Ayesha Abed Library
|c BRAC Resource Section
|
| 942 |
|
|
|2 ddc
|c BK
|
| 999 |
|
|
|c 36523
|d 36523
|
| 952 |
|
|
|0 0
|1 0
|2 ddc
|4 0
|6 362_109549200000000_EVA
|7 1
|9 57462
|a BRACUL
|b BRACUL
|c BRS
|d 2015-12-31
|e BRAC
|l 1
|o 362.1095492 EVA
|p 3010006966
|r 2025-12-30
|s 2025-03-23
|t 1
|w 2015-12-31
|y BK
|